| 000 | 00379cam a2200157ua 4500 | ||
|---|---|---|---|
| 041 |
_aeng _h |
||
| 082 |
_a512 _bWAL/IN |
||
| 100 | _aWalters, G W . | ||
| 245 |
_aIntroduction to algebra / _cG W Walters. _hTextual Documents |
||
| 250 |
_a1 / _b. |
||
| 260 |
_aLondon : _bMcMillon & Co Ltd , _c1963. |
||
| 300 | _a183 ; . | ||
| 504 | _a | ||
| 942 | _cBK | ||
| 999 |
_c10133 _d10133 |
||